Statistiques concernant Quiz sur l'Empire belge

Cliquez ici pour prendre le quiz!

Statistiques générales

  • Ce quiz a été pris 152 fois
  • Le résultat moyen est 6 sur 17

Statistiques - réponses

IndiceRéponse% Correct
Roi belge qui possédait personnellement le Congo entre 1885 et 1908Léopold II
94%
Pays qui possédaient des colonies portant le nom de « Congo »France
70%
Pays africains modernes que la Belgique a annexés à l’Allemagne après leur
victoire lors de la Première Guerre mondiale
Rwanda
69%
Pays africains modernes que la Belgique a annexés à l’Allemagne après leur
victoire lors de la Première Guerre mondiale
Burundi
61%
Pays qui possédaient des colonies portant le nom de « Congo »Portugal
51%
Année d'indépendance de la Belgique1830
50%
Conférence qui officialise internationalement l'existence d'un domaine colonial belgeConférence de {Berlin}
48%
Produit provenant d'arbres qui était la principale culture du Congo belgeCaoutchouc
43%
Ville marocaine avec une zone internationale où la Belgique possédait un petit territoireTanger
38%
Explorateur écossais qu'il aurait retrouvé lors de sa missionDavid Livingstone
30%
Explorateur gallois qui a colonisé le Congo pour ce roiHenry Morton Stanley
24%
Capitale du territoire colonial belge composé de ces deux paysUsumbura
16%
Ville du Congo connue sous le nom d'« Élisabethville » à l'époque colonialeLubumbashi
12%
Ville chinoise dans laquelle la Belgique possédait une concession entre 1902 et 1931Tianjin
9%
Roman de Joseph Conrad sur un capitaine de bateau fluvial rencontrant un commerçant d'ivoire qui est devenu sauvage au Congo belgeAu cœur des ténèbres
8%
Enclave situé entre le Soudan du Sud et l'Ouganda qui faisait partie de l'Empire belgeEnclave de {Lado}
2%
Île italienne, cédée symboliquement au roi des Belges par testament en 1919, puis rendue à l'Italie en 1920Île {Comacina}
1%

Distribution des résultats

Percentile par nombre de réponses

% des personnes avec chaque résultat

Votre développement - résultats

Vous n’avez pas pris ce quiz